| Tag |
First Indicator |
Second Indicator |
Subfields |
| LEADER |
00000cam a2200000Ia 4500 |
| 001 |
in00001845839 |
| 005 |
20151026073905.0 |
| 008 |
040525s2004 enk b 000 0 eng d |
| 020 |
|
|
|a 1841715905
|
| 035 |
|
|
|a (OCoLC)ocm55485596
|
| 040 |
|
|
|a OSU
|c OSU
|d OCLCQ
|d TXA
|d UtOrBLW
|
| 043 |
|
|
|a e-gr---
|
| 049 |
|
|
|a TXAM
|
| 090 |
|
|
|a DF221.A78
|b S58 2004
|
| 100 |
1 |
|
|a Sjöberg, Birgitta.
|
| 245 |
1 |
0 |
|a Asine and the Argolid in the Late Helladic III Period :
|b a socio-economic study /
|c Birgitta L. Sjöberg.
|
| 264 |
|
1 |
|a Oxford, England :
|b Archaeopress,
|c [2004]
|
| 264 |
|
4 |
|c ©2004
|
| 300 |
|
|
|a vi, 157 pages ;
|c 30 cm.
|
| 336 |
|
|
|a text
|b txt
|2 rdacontent
|
| 337 |
|
|
|a unmediated
|b n
|2 rdamedia
|
| 338 |
|
|
|a volume
|b nc
|2 rdacarrier
|
| 490 |
1 |
|
|a BAR international series,
|v 1225
|
| 500 |
|
|
|a Originally presented as the author's thesis (doctoral)--Uppsala University, 2001.
|
| 504 |
|
|
|a Includes bibliographical references (pages [147]-157).
|
| 651 |
|
0 |
|a Argolis Peninsula (Greece)
|x Economic conditions.
|
| 651 |
|
0 |
|a Asine (Argolis, Greece : Extinct city)
|x Economic conditions.
|
| 650 |
|
0 |
|a Commerce, Prehistoric
|z Greece
|z Argolis Peninsula.
|
| 650 |
|
0 |
|a Economics, Prehistoric
|z Greece
|z Argolis Peninsula.
|
| 650 |
|
0 |
|a Bronze age
|z Greece
|z Argolis Peninsula.
|
| 651 |
|
0 |
|a Argolis Peninsula (Greece)
|x Antiquities.
|
| 651 |
|
0 |
|a Greece
|x Antiquities.
|
| 830 |
|
0 |
|a BAR international series ;
|v 1225.
|
| 994 |
|
|
|a E0
|b TXA
|
| 948 |
|
|
|a cataloged
|b h
|c 2004/7/12
|d c
|e blrosas
|f 8:22:59 am
|
| 999 |
|
|
|a MARS
|
| 999 |
f |
f |
|s de111fc5-e4f7-3632-86c5-3b43997b0f81
|i e3b5be6e-391e-3141-acd7-315ad6e11b6b
|t 0
|
| 952 |
f |
f |
|p normal
|a Texas A&M University
|b College Station
|c Sterling C. Evans Library
|d Evans: Library Stacks
|t 0
|e DF221.A78 S58 2004
|h Library of Congress classification
|i unmediated -- volume
|m A14832001233
|
| 998 |
f |
f |
|a DF221.A78 S58 2004
|t 0
|l Evans: Library Stacks
|